A "politikai teológia" múltja és jelene
Elmentve itt :
| Szerző: | |
|---|---|
| Adatforrás: | Philobibl |
| Forrásdokumentuma: | Világosság 10 1969/4., 193-197. p. |
| Dokumentumtípus: | Cikk |
| Nyelv: | magyar |
| LEADER | 00295nab a2200097 c 4500 | ||
|---|---|---|---|
| 001 | bibDOK00009331 | ||
| 005 | 20200924120504.6 | ||
| 008 | 060518s1969 xx hun | ||
| 100 | 1 | |a Józsa György | |
| 245 | 1 | 3 | |a A "politikai teológia" múltja és jelene |c Józsa György |
| 773 | 0 | |t Világosság 10 |g 1969/4., 193-197. p. | |